000 01699cam a2200373 a 4500
001 15266685
005 20080924171024.0
008 080418s2008 enka b 001 0 eng
010 _a2008016311
015 _aGBA804539
_2bnb
016 7 _a014487761
_2Uk
020 _a9781403997227 (alk. paper)
020 _a1403997225 (alk. paper)
035 _a(OCoLC)190777409
_z(OCoLC)182737339
035 _a(OCoLC)ocn190777409
040 _aDLC
_cDLC
_dUKM
_dYDXCP
_dBTCTA
_dBAKER
_dBWKUK
_dBWK
_dBWX
_dNLGGC
_dIXA
_dCOD
_dDLC
050 0 0 _aZA4228
_b.D65 2008
082 0 0 _a001.4202854
_222
_bDOL
084 _a06.64
_2bcl
100 1 _aDolowitz, David P.
_95517
245 1 0 _aResearching online /
_cDavid Dolowitz, Steve Buckler and Fionnghuala Sweeney.
260 _aHoundmills, Basingstoke, Hampshire ;
_aNew York :
_bPalgrave Macmillan,
_c2008.
300 _axxiii, 224 p. :
_bill. ;
_c22 cm.
440 0 _aPalgrave study guides
_95518
440 0 _aPalgrave study skills
_95519
504 _aIncludes bibliographical references and index.
650 0 _aInternet research.
_95520
700 1 _aBuckler, Steve,
_d1960-
_95521
700 1 _aSweeney, Fionnghuala.
_95522
942 _2ddc
_cBB
999 _c10959
_d10959